00497nam a2200181Ia 4500001000700000003000500007008004100012010001100053040000900064100002000073245009800093260008000191300000900271440000500280500000500285503000500290650002000295Z_1592CHAP220113s1992 xx 000 0 und d a164679 cCHAP aMjelde, James W aExotic ungulate production : summary of survey results /cby James W. Mjelde... [and others] aCollege Station, Texas :bThe Texas Agricultural Experiment Station,c1992 a42 p a a a aUngulados I. t.